| Tag |
First Indicator |
Second Indicator |
Subfields |
| LEADER |
00000cam a22000004a 4500 |
| 001 |
in00002003648 |
| 005 |
20151031131302.0 |
| 008 |
031112s2004 nyuab b 001 0 eng |
| 010 |
|
|
|a 2003065976
|
| 020 |
|
|
|a 0679447385
|
| 035 |
|
|
|a (OCoLC)ocm53483636
|
| 040 |
|
|
|a DLC
|c DLC
|d UtOrBLW
|
| 042 |
|
|
|a pcc
|
| 043 |
|
|
|a n-us-va
|
| 049 |
|
|
|a TXAM
|
| 050 |
0 |
0 |
|a F232.P83
|b E49 2004
|
| 082 |
0 |
0 |
|a 975.5/63200496073
|2 22
|
| 100 |
1 |
|
|a Ely, Melvin Patrick.
|
| 245 |
1 |
0 |
|a Israel on the Appomattox :
|b a southern experiment in Black freedom from 1790s through the Civil War /
|c Melvin Patrick Ely.
|
| 250 |
|
|
|a 1st ed.
|
| 264 |
|
1 |
|a New York :
|b Alfred A. Knopf,
|c 2004.
|
| 300 |
|
|
|a x, 640 pages :
|b illustrations, maps ;
|c 25 cm.
|
| 336 |
|
|
|a text
|b txt
|2 rdacontent
|
| 337 |
|
|
|a unmediated
|b n
|2 rdamedia
|
| 338 |
|
|
|a volume
|b nc
|2 rdacarrier
|
| 504 |
|
|
|a Includes bibliographical references (pages [475]-614) and index.
|
| 505 |
0 |
|
|a The view from Israel Hill, 1863 -- Liberty and happiness -- The promised land -- Work -- Challenges -- Law and order -- Worldviews -- Progress and struggle -- Appomattox and the new birth of freedom -- The search for meaning in the southern free black experience.
|
| 600 |
3 |
0 |
|a White family.
|
| 600 |
1 |
0 |
|a Randolph, Richard,
|d 1770-1796.
|
| 650 |
|
0 |
|a Free African Americans
|z Virginia
|z Prince Edward County
|x History
|y 19th century.
|
| 650 |
|
0 |
|a Free African Americans
|z Virginia
|z Prince Edward County
|x Social conditions
|y 19th century.
|
| 650 |
|
0 |
|a Land grants
|z Virginia
|z Prince Edward County
|x History.
|
| 650 |
|
0 |
|a Free African Americans
|z Virginia
|z Prince Edward County
|v Biography.
|
| 651 |
|
0 |
|a Prince Edward County (Va.)
|x History
|y 19th century.
|
| 651 |
|
0 |
|a Prince Edward County (Va.)
|x Race relations.
|
| 651 |
|
0 |
|a Prince Edward County (Va.)
|v Biography.
|
| 945 |
|
|
|i PromptCat
|
| 948 |
|
|
|a cataloged
|b h
|c 2004/11/10
|d c
|e dmitchel
|f 8:44:32 am
|
| 994 |
|
|
|a 92
|b TXA
|
| 999 |
|
|
|a MARS
|
| 999 |
f |
f |
|s 9fb14605-9ac1-3a17-935a-d14819a2c1ab
|i b39f3023-5142-3649-9bbf-e91b5881e828
|t 0
|
| 952 |
f |
f |
|p ric
|a Texas A&M University
|b Rellis Campus
|c Joint Library Facility
|d Remote Storage
|t 0
|e F232.P83 E49 2004
|h Library of Congress classification
|i unmediated -- volume
|m A14831616124
|
| 998 |
f |
f |
|a F232.P83 E49 2004
|t 0
|l Remote Storage
|